MARC details
| 000 -LEADER |
| fixed length control field |
02014cam a2200457 a 4500 |
| 001 - CONTROL NUMBER |
| control field |
sjds1061774 |
| 003 - CONTROL NUMBER IDENTIFIER |
| control field |
sjds |
| 005 - DATE AND TIME OF LATEST TRANSACTION |
| control field |
20250111093410.0 |
| 008 - FIXED-LENGTH DATA ELEMENTS--GENERAL INFORMATION |
| fixed length control field |
110206s2011 nyua b 000 1 spa d |
| 020 ## - INTERNATIONAL STANDARD BOOK NUMBER |
| International Standard Book Number |
9780545341189 (pbk.) |
| 020 ## - INTERNATIONAL STANDARD BOOK NUMBER |
| International Standard Book Number |
0545341183 (pbk.) |
| 035 ## - SYSTEM CONTROL NUMBER |
| System control number |
463005 |
| 035 ## - SYSTEM CONTROL NUMBER |
| System control number |
(OCoLC)701018737 |
| 035 ## - SYSTEM CONTROL NUMBER |
| System control number |
463005 |
| 040 ## - CATALOGING SOURCE |
| Original cataloging agency |
BTCTA |
| Language of cataloging |
eng |
| Transcribing agency |
BTCTA |
| Modifying agency |
BKX |
| -- |
IFA |
| -- |
UtOrBLW |
| 041 1# - LANGUAGE CODE |
| Language code of text/sound track or separate title |
spa |
| Language code of original |
eng |
| 049 ## - LOCAL HOLDINGS (OCLC) |
| Holding library |
IFAA |
| 099 ## - LOCAL FREE-TEXT CALL NUMBER (OCLC) |
| Classification number |
ESPANOL EASY READERS BRIDWELL 2011 |
| 100 1# - MAIN ENTRY--PERSONAL NAME |
| Personal name |
Bridwell, Norman, |
| Relator term |
author. |
| 240 10 - UNIFORM TITLE |
| Uniform title |
<a href="Clifford goes to the doctor.">Clifford goes to the doctor.</a> |
| Language of a work |
Spanish |
| 245 10 - TITLE STATEMENT |
| Title |
Clifford va al doctor / |
| Statement of responsibility, etc. |
Norman Bridwell. |
| 250 ## - EDITION STATEMENT |
| Edition statement |
First edition. |
| 260 ## - PUBLICATION, DISTRIBUTION, ETC. (IMPRINT) |
| Place of publication, distribution, etc. |
New York |
| Name of publisher, distributor, etc. |
Scholastic, |
| Date of publication, distribution, etc. |
2011. |
| 264 #1 - PRODUCTION, PUBLICATION, DISTRIBUTION, MANUFACTURE, AND COPYRIGHT NOTICE |
| Place of production, publication, distribution, manufacture |
New York : |
| Name of producer, publisher, distributor, manufacturer |
Scholastic, |
| Date of production, publication, distribution, manufacture, or copyright notice |
2011. |
| 300 ## - PHYSICAL DESCRIPTION |
| Extent |
1 volume (unpaged) : |
| Other physical details |
color illustrations ; |
| Dimensions |
23 cm. |
| 336 ## - CONTENT TYPE |
| Content type term |
text |
| Content type code |
txt |
| Source |
rdacontent |
| 337 ## - MEDIA TYPE |
| Media type term |
unmediated |
| Media type code |
n |
| Source |
rdamedia |
| 338 ## - CARRIER TYPE |
| Carrier type term |
volume |
| Carrier type code |
nc |
| Source |
rdacarrier |
| 490 1# - SERIES STATEMENT |
| Series statement |
Lector de Scholastic. Nivel 1 |
| 500 ## - GENERAL NOTE |
| General note |
Translation of: Clifford goes to the doctor. |
| 520 ## - SUMMARY, ETC. |
| Summary, etc. |
"Clifford goes for his annual checkup, and Dr. Smart has to be very creative to check Clifford's heartbeat, look into his mouth, ears, and eyes, because Clifford is so big. Clifford is very brave when he has to get his shot, and he gets a treat at the end!"--booktopia.com |
| 520 ## - SUMMARY, ETC. |
| Summary, etc. |
"Cuando Clifford va al doctor la Dra. Sagaz tiene que ser muy creativa para poder escuchar su corazón y examinarle la boca, los ojos y los oídos porque Clifford es demasiado grande. Clifford se porta muy bien cuando lo vacunan y �hasta recibe una galletita al final de la visita!"--booktopia.com |
| 526 0# - STUDY PROGRAM INFORMATION NOTE |
| Program name |
Accelerated Reader |
| Interest level |
LG |
| Reading level |
1.7 |
| Title point value |
0.5 |
| Public note |
147042SP |
| 546 ## - LANGUAGE NOTE |
| Language note |
Text in Spanish. |
| 650 #0 - SUBJECT ADDED ENTRY--TOPICAL TERM |
| Topical term or geographic name as entry element |
Veterinary medicine |
| Form subdivision |
Juvenile fiction. |
| 650 #0 - SUBJECT ADDED ENTRY--TOPICAL TERM |
| Topical term or geographic name as entry element |
Dogs |
| Form subdivision |
Juvenile fiction. |
| 650 #7 - SUBJECT ADDED ENTRY--TOPICAL TERM |
| Topical term or geographic name as entry element |
Veterinaria |
| Form subdivision |
Novela juvenil. |
| Source of heading or term |
bidex |
| 650 #7 - SUBJECT ADDED ENTRY--TOPICAL TERM |
| Topical term or geographic name as entry element |
Perros |
| Form subdivision |
Novela juvenil. |
| Source of heading or term |
bidex |
| 830 #0 - SERIES ADDED ENTRY--UNIFORM TITLE |
| Uniform title |
Lector de Scholastic. |
| Number of part/section of a work |
Nivel 1. |
| 942 ## - ADDED ENTRY ELEMENTS (KOHA) |
| Koha item type |
Libro/Book |
| Source of classification or shelving scheme |
Dewey Decimal Classification |